[Event "EWCCC Online Preliminary-D 2020"]
[Site "Online"]
[Date "2020.12.19"]
[Round "2.1"]
[White "Koridze, Lile"]
[Black "Corke, Anya S"]
[Result "1/2-1/2"]
[WhiteElo "2016"]
[BlackElo "2255"]
[Annotator "NA"]
[PlyCount "114"]
[EventDate "2020.12.19"]
[EventType "team-tourn"]
[EventCountry "NET"]
[SourceTitle "playchess.com"]
[Source "ChessBase"]
[SourceQuality "1"]
[TimeControl "900+5"]

1. d4 {[%emt 0:00:00]} d5 {[%emt 0:00:14]} 2. c4 {[%emt 0:00:04]} c6 {[%emt 0:00:02]} 3. cxd5 {[%emt 0:01:04]} cxd5 {[%emt 0:00:03]} 4. Bf4 {[%emt 0:00:39]} Nc6 {[%emt 0:00:08]} 5. Nc3 {[%emt 0:00:06]} a6 {[%emt 0:00:07]} 6. e3 {[%emt 0:00:06]} Nf6 {[%emt 0:00:05]} 7. Bd3 {[%emt 0:00:03]} Bg4 {[%emt 0:00:33]} 8. Nge2 {[%emt 0:00:26]} e6 {[%emt 0:00:03]} 9. h3 {[%emt 0:00:03]} Bh5 {[%emt 0:00:06]} 10. Qb3 {[%emt 0:00:12]} Na5 {[%emt 0:01:31]} 11. Qa4+ {[%emt 0:00:20]} Nd7 {[%emt 0:00:19]} 12. O-O {[%emt 0:00:40]} Be7 {[%emt 0:00:14]} 13. Rad1 {[%emt 0:00:12]} O-O {[%emt 0:01:13]} 14. e4 {[%emt 0:00:32]} Nf6 {[%emt 0:02:06]} 15. exd5 {[%emt 0:01:08]} exd5 {[%emt 0:01:05]} 16. Rc1 {[%emt 0:00:35]} b5 {[%emt 0:00:37]} 17. Qc2 {[%emt 0:00:22]} Rc8 {[%emt 0:00:11]} 18. Qb1 {[%emt 0:01:35]} Bg6 {[%emt 0:00:53]} 19. Ng3 {[%emt 0:00:31]} Nc4 {[%emt 0:01:17]} 20. Nf5 {[%emt 0:00:18]} Bxf5 {[%emt 0:00:50]} 21. Bxf5 {[%emt 0:00:03]} Rc6 {[%emt 0:00:02]} 22. Rfe1 {[%emt 0:00:24]} Bb4 {[%emt 0:00:06]} 23. Re2 {[%emt 0:00:52]} h6 {[%emt 0:00:18]} 24. Qd3 {[%emt 0:00:19]} Bd6 {[%emt 0:00:25]} 25. Be5 {[%emt 0:00:29]} Nb6 {[%emt 0:02:04]} 26. Rce1 {[%emt 0:00:34]} b4 {[%emt 0:00:02]} 27. Nd1 {[%emt 0:00:28]} Nc4 {[%emt 0:00:24]} 28. Qf3 {[%emt 0:01:29]} Bb8 {[%emt 0:01:00]} 29. b3 {[%emt 0:00:33]} Nd6 {[%emt 0:00:22]} 30. Ne3 {[%emt 0:01:00]} Rc3 {[%emt 0:00:23]} 31. Bb1 {[%emt 0:01:07]} Nde4 {[%emt 0:00:03]} 32. Bxf6 {[%emt 0:00:16]} Nxf6 {[%emt 0:00:08]} 33. Rc2 {[%emt 0:00:18]} Qd6 {[%emt 0:00:03]} 34. Rxc3 {[%emt 0:00:06]} Qh2+ {[%emt 0:00:08]} 35. Kf1 {[%emt 0:00:01]} bxc3 {[%emt 0:00:02]} 36. Bc2 {[%emt 0:00:23]} Re8 {[%emt 0:00:03]} 37. Ke2 {[%emt 0:00:23]} Ne4 {[%emt 0:00:09]} 38. Kd1 {[%emt 0:00:11]} Qd6 {[%emt 0:00:06]} 39. Nxd5 {[%emt 0:00:09]} Qxd5 {[%emt 0:00:03]} 40. Rxe4 {[%emt 0:00:01]} Rxe4 {[%emt 0:00:27]} 41. Qxe4 {[%emt 0:00:02]} Qd7 {[%emt 0:00:12]} 42. Qh7+ {[%emt 0:00:09]} Kf8 {[%emt 0:00:02]} 43. Qh8+ {[%emt 0:00:03]} Ke7 {[%emt 0:00:02]} 44. Qxg7 {[%emt 0:00:09]} Qb5 {[%emt 0:00:12]} 45. Ke1 {[%emt 0:00:12]} Bf4 {[%emt 0:00:02]} 46. f3 {[%emt 0:00:06]} Bg5 {[%emt 0:00:08]} 47. Qe5+ {[%emt 0:00:02]} Qxe5+ {[%emt 0:00:02]} 48. dxe5 {[%emt 0:00:01]} Ke6 {[%emt 0:00:02]} 49. g3 {[%emt 0:00:03]} Bd2+ {[%emt 0:00:03]} 50. Ke2 {[%emt 0:00:01]} Kxe5 {[%emt 0:00:01]} 51. f4+ {[%emt 0:00:04]} Kd4 {[%emt 0:00:02]} 52. Kf3 {[%emt 0:00:02]} Be1 {[%emt 0:00:12]} 53. g4 {[%emt 0:00:04]} Bh4 {[%emt 0:00:03]} 54. Ke2 {[%emt 0:00:05]} a5 {[%emt 0:00:06]} 55. Kf3 {[%emt 0:00:03]} Kc5 {[%emt 0:00:08]} 56. Ke4 {[%emt 0:00:02]} Kb4 {[%emt 0:00:02]} 57. a4 {[%emt 0:00:09]} Be7 {[%emt 0:00:18]} 1/2-1/2

[Event "EWCCC Online Preliminary-D 2020"]
[Site "Online"]
[Date "2020.12.19"]
[Round "2.1"]
[White "Donghvani, Nia"]
[Black "Grigoryan, Meri"]
[Result "1/2-1/2"]
[WhiteElo "1985"]
[BlackElo "2044"]
[Annotator "NA"]
[PlyCount "75"]
[EventDate "2020.12.19"]
[EventType "team-tourn"]
[EventCountry "NET"]
[SourceTitle "playchess.com"]
[Source "ChessBase"]
[SourceQuality "1"]
[TimeControl "900+5"]

1. c4 {[%emt 0:00:00]} e5 {[%emt 0:00:24]} 2. Nc3 {[%emt 0:00:05]} Nf6 {[%emt 0:00:02]} 3. g3 {[%emt 0:00:02]} Nc6 {[%emt 0:00:26]} 4. Bg2 {[%emt 0:00:03]} Bb4 {[%emt 0:00:55]} 5. e3 {[%emt 0:00:07]} Bxc3 {[%emt 0:00:56]} 6. bxc3 {[%emt 0:00:05]} e4 {[%emt 0:02:42]} 7. d3 {[%emt 0:02:40]} exd3 {[%emt 0:00:42]} 8. Qxd3 {[%emt 0:00:02]} Ne5 {[%emt 0:00:52]} 9. Qd4 {[%emt 0:00:06]} Qe7 {[%emt 0:00:17]} 10. Nf3 {[%emt 0:00:54]} Nc6 {[%emt 0:00:36]} 11. Qd3 {[%emt 0:00:28]} Qe4 {[%emt 0:01:05]} 12. Qxe4+ {[%emt 0:01:05]} Nxe4 {[%emt 0:00:02]} 13. Nd4 {[%emt 0:00:11]} Nxc3 {[%emt 0:01:52]} 14. Nxc6 {[%emt 0:00:14]} dxc6 {[%emt 0:00:44]} 15. Bb2 {[%emt 0:00:03]} Na4 {[%emt 0:00:02]} 16. Bxg7 {[%emt 0:00:03]} Rg8 {[%emt 0:00:02]} 17. Be5 {[%emt 0:01:10]} Be6 {[%emt 0:00:21]} 18. Rc1 {[%emt 0:00:04]} O-O-O {[%emt 0:00:13]} 19. O-O {[%emt 0:00:47]} Rd2 {[%emt 0:00:18]} 20. a3 {[%emt 0:00:34]} Rgd8 {[%emt 0:00:23]} 21. Bf6 {[%emt 0:00:51]} R8d3 {[%emt 0:00:37]} 22. Be4 {[%emt 0:00:09]} Rxa3 {[%emt 0:00:26]} 23. Bxh7 {[%emt 0:00:16]} Bh3 {[%emt 0:00:08]} 24. Rfd1 {[%emt 0:00:04]} Raa2 {[%emt 0:00:19]} 25. Bb1 {[%emt 0:00:38]} b6 {[%emt 0:02:29]} 26. Bxa2 {[%emt 0:00:05]} Rxa2 {[%emt 0:00:02]} 27. Rd8+ {[%emt 0:00:05]} Kb7 {[%emt 0:00:01]} 28. Rh8 {[%emt 0:00:15]} Be6 {[%emt 0:00:02]} 29. h4 {[%emt 0:00:12]} Nc5 {[%emt 0:00:09]} 30. f3 {[%emt 0:02:14]} Nd3 {[%emt 0:00:04]} 31. Rd1 {[%emt 0:00:32]} Nf2 {[%emt 0:00:12]} 32. Ra1 {[%emt 0:00:42]} Nh3+ {[%emt 0:00:02]} 33. Kh1 {[%emt 0:00:23]} Rc2 {[%emt 0:00:11]} 34. g4 {[%emt 0:00:50]} Nf2+ {[%emt 0:00:04]} 35. Kg1 {[%emt 0:00:03]} Nh3+ {[%emt 0:00:02]} 36. Kh1 {[%emt 0:00:15]} Nf2+ {[%emt 0:00:02]} 37. Kg1 {[%emt 0:00:09]} Nh3+ {[%emt 0:00:01]} 38. Kh1 {[%emt 0:00:11]} 1/2-1/2

[Event "EWCCC Online Preliminary-D 2020"]
[Site "Online"]
[Date "2020.12.19"]
[Round "2.1"]
[White "Fink-Nunn, Petra"]
[Black "Lomaia, Diana"]
[Result "0-1"]
[WhiteElo "1966"]
[BlackElo "1946"]
[Annotator "NA"]
[PlyCount "100"]
[EventDate "2020.12.19"]
[EventType "team-tourn"]
[EventCountry "NET"]
[SourceTitle "playchess.com"]
[Source "ChessBase"]
[SourceQuality "1"]
[TimeControl "900+5"]

1. e4 {[%emt 0:00:00]} c5 {[%emt 0:00:04]} 2. Nf3 {[%emt 0:00:03]} e6 {[%emt 0:00:02]} 3. d4 {[%emt 0:00:03]} cxd4 {[%emt 0:00:02]} 4. Nxd4 {[%emt 0:00:01]} Nc6 {[%emt 0:00:01]} 5. Nc3 {[%emt 0:00:16]} Qc7 {[%emt 0:00:08]} 6. g3 {[%emt 0:00:16]} a6 {[%emt 0:00:09]} 7. Bg2 {[%emt 0:00:06]} Nf6 {[%emt 0:00:23]} 8. O-O {[%emt 0:00:20]} Be7 {[%emt 0:01:19]} 9. Re1 {[%emt 0:01:02]} d6 {[%emt 0:00:36]} 10. Be3 {[%emt 0:00:32]} O-O {[%emt 0:00:05]} 11. a4 {[%emt 0:00:15]} Bd7 {[%emt 0:01:29]} 12. Nxc6 {[%emt 0:00:40]} Bxc6 {[%emt 0:00:29]} 13. a5 {[%emt 0:00:09]} Nd7 {[%emt 0:00:27]} 14. Qd2 {[%emt 0:01:13]} b5 {[%emt 0:01:35]} 15. axb6 {[%emt 0:00:24]} Nxb6 {[%emt 0:00:05]} 16. b3 {[%emt 0:00:21]} Bb7 {[%emt 0:02:22]} 17. Qd4 {[%emt 0:00:40]} Bf6 {[%emt 0:00:38]} 18. Qxb6 {[%emt 0:01:57]} Qxb6 {[%emt 0:00:09]} 19. Bxb6 {[%emt 0:00:02]} Bxc3 {[%emt 0:00:03]} 20. Bc7 {[%emt 0:00:40]} Bxa1 {[%emt 0:00:36]} 21. Rxa1 {[%emt 0:00:03]} Rfc8 {[%emt 0:01:42]} 22. Bxd6 {[%emt 0:00:08]} Rxc2 {[%emt 0:00:03]} 23. b4 {[%emt 0:00:21]} Rac8 {[%emt 0:01:26]} 24. Bc5 {[%emt 0:00:20]} Rd8 {[%emt 0:01:18]} 25. Rb1 {[%emt 0:00:48]} Bc6 {[%emt 0:00:12]} 26. Bf3 {[%emt 0:00:27]} Bb5 {[%emt 0:00:14]} 27. Be3 {[%emt 0:00:33]} f6 {[%emt 0:00:22]} 28. Bd1 {[%emt 0:00:27]} Rc6 {[%emt 0:00:30]} 29. Bf3 {[%emt 0:00:10]} Rc3 {[%emt 0:00:23]} 30. Kg2 {[%emt 0:00:39]} Kf7 {[%emt 0:00:02]} 31. Bg4 {[%emt 0:00:59]} Bd3 {[%emt 0:00:10]} 32. Ra1 {[%emt 0:00:52]} Bxe4+ {[%emt 0:00:06]} 33. Kh3 {[%emt 0:00:14]} Bd3 {[%emt 0:00:16]} 34. Bf3 {[%emt 0:00:05]} Bb5 {[%emt 0:00:08]} 35. Bb7 {[%emt 0:00:11]} Rd6 {[%emt 0:00:05]} 36. Bc5 {[%emt 0:00:06]} Rd8 {[%emt 0:00:10]} 37. Kg2 {[%emt 0:01:02]} e5 {[%emt 0:00:05]} 38. Be3 {[%emt 0:00:41]} Rb8 {[%emt 0:00:04]} 39. Bd5+ {[%emt 0:00:08]} Kg6 {[%emt 0:00:01]} 40. g4 {[%emt 0:00:22]} Bc6 {[%emt 0:00:04]} 41. Bxc6 {[%emt 0:00:15]} Rxc6 {[%emt 0:00:01]} 42. Bc5 {[%emt 0:00:02]} Rb5 {[%emt 0:00:08]} 43. h4 {[%emt 0:00:06]} h6 {[%emt 0:00:09]} 44. Kf3 {[%emt 0:00:08]} a5 {[%emt 0:00:05]} 45. h5+ {[%emt 0:00:20]} Kf7 {[%emt 0:00:08]} 46. Be3 {[%emt 0:00:15]} axb4 {[%emt 0:00:04]} 47. Ra7+ {[%emt 0:00:01]} Kg8 {[%emt 0:00:05]} 48. Ke4 {[%emt 0:00:03]} b3 {[%emt 0:00:03]} 49. Kf5 {[%emt 0:00:02]} b2 {[%emt 0:00:03]} 50. Kg6 {[%emt 0:00:03]} b1=Q# {[%emt 0:00:02]} 0-1

[Event "EWCCC Online Preliminary-D 2020"]
[Site "Online"]
[Date "2020.12.19"]
[Round "2.2"]
[White "Heinemann, Josefine"]
[Black "Tsirulnik, Maritsa"]
[Result "1-0"]
[WhiteElo "2302"]
[BlackElo "2139"]
[Annotator "TA"]
[PlyCount "41"]
[EventDate "2020.12.19"]
[EventType "team-tourn"]
[EventCountry "NET"]
[SourceTitle "playchess.com"]
[Source "ChessBase"]
[SourceQuality "1"]

{[%evp 12,41,41,35,58,46,69,24,55,50,56,55,58,54,56,54,108,89,222,164,148,150,136,150,217,161,227,220,316,191,599,545]} 1. e4 c5 2. Nf3 e6 3. d4 cxd4 4. Nxd4 Nc6 5. Nc3 d6 6. Be3 Nf6 7. f3 h5 {B80: Sicilian Scheveningen: 6 g3 and 6 Be3, including English Attack.} 8. Qd2 a6 9. Bc4 Qc7 {White has an edge.} 10. Bb3 {[#]} Nxd4 $146 ({Predecessor:} 10... Be7 11. O-O-O Na5 12. Kb1 Bd7 13. g3 b5 14. h3 b4 15. Nce2 e5 16. Nf5 Nxb3 17. cxb3 Bxf5 18. exf5 {0-1 (47) Topalov,V (2749)-Nakamura,H (2780) Saint Louis 2017}) 11. Bxd4 b5 12. a3 Bb7 13. O-O-O $36 {[%mdl 2048] Black is under pressure.} Qc6 (13... Be7 $14) 14. Rhe1 a5 {A mistake that costs the game.} (14... Be7 $16) 15. Kb1 Be7 16. e5 dxe5 17. Rxe5 ({Don't take} 17. Bxe5 a4 $14) 17... a4 (17... O-O $16 18. Rxb5 a4) 18. Ba2 b4 (18... Rd8 {was worth a try.} 19. Rxb5 Rd7) 19. axb4 $18 Bxb4 {[#]} (19... Rd8 $142 20. b5 Qd6 21. Nxa4 Qxe5 22. Bxe5 Rxd2 23. Rxd2 h4 24. Bxf6 gxf6) 20. Qg5 $1 {[%cal Rg5g7]} O-O $2 (20... Rh6 {is a better chance.} 21. Qxg7 Bf8) 21. Rc5 {[%mdl 64] Back Rank.  Weighted Error Value: White=0.15/Black=0.71} 1-0

[Event "EWCCC Online Preliminary-D 2020"]
[Site "Online"]
[Date "2020.12.19"]
[Round "2.2"]
[White "Trippold, Denise"]
[Black "Prasol, Aliesia"]
[Result "1-0"]
[WhiteElo "2137"]
[BlackElo "1702"]
[Annotator "NA"]
[PlyCount "21"]
[EventDate "2020.12.19"]
[EventType "team-tourn"]
[EventCountry "NET"]
[SourceTitle "playchess.com"]
[Source "ChessBase"]
[SourceQuality "1"]
[TimeControl "900+5"]

1. d4 {[%emt 0:00:03]} e6 {[%emt 0:00:08]} 2. Nf3 {[%emt 0:00:12]} f5 {[%emt 0:00:14]} 3. g3 {[%emt 0:00:05]} Nf6 {[%emt 0:00:04]} 4. Bg2 {[%emt 0:00:02]} d5 {[%emt 0:00:01]} 5. O-O {[%emt 0:00:02]} c6 {[%emt 0:00:02]} 6. c4 {[%emt 0:00:03]} Bd6 {[%emt 0:00:03]} 7. Nc3 {[%emt 0:00:05]} O-O {[%emt 0:00:04]} 8. Qc2 {[%emt 0:00:03]} Nbd7 {[%emt 0:00:07]} 9. cxd5 {[%emt 0:00:08]} cxd5 {[%emt 0:00:16]} 10. Nb5 {[%emt 0:00:02]} Be7 {[%emt 0:00:02]} 11. Nc7 {[%emt 0:00:12]} 1-0

[Event "EWCCC Online Preliminary-D 2020"]
[Site "Online"]
[Date "2020.12.19"]
[Round "2.2"]
[White "Dubovyk, Anastasiia"]
[Black "Unuk, Laura"]
[Result "0-1"]
[WhiteElo "1971"]
[BlackElo "2346"]
[Annotator "TA"]
[PlyCount "66"]
[EventDate "2020.12.19"]
[EventType "team-tourn"]
[EventCountry "NET"]
[SourceTitle "playchess.com"]
[Source "ChessBase"]
[SourceQuality "1"]

{[%evp 9,66,10,21,24,35,36,53,50,58,11,10,-19,-16,-30,-15,-6,-30,-21,17,24,29,14,27,-54,-15,-195,-193,-288,-272,-350,-303,-364,-351,-356,-368,-355,-352,-362,-354,-410,-311,-460,-450,-436,-426,-608,-442,-620,-609,-621,-611,-620,-509,-882,-880,-870,-852,-1115,-1087]} 1. e4 c6 2. d4 d5 3. e5 c5 4. c3 Nc6 5. h3 e6 6. Nf3 {B12: Caro-Kann: Advance Variation.} Qb6 7. a3 Nh6 8. b4 {White is slightly better.} cxd4 9. cxd4 (9. Bxh6 $5 gxh6 10. cxd4 $11) 9... Nf5 {[%cal Rf5d4] [#]} 10. Be3 $146 ({Predecessor:} 10. Bb2 Bd7 11. Be2 Be7 12. O-O h5 13. Qd3 g5 14. g4 hxg4 15. hxg4 Nh4 16. Nxh4 Rxh4 {½-½ (34) Albertini,L (1986)-Boscolo,M (2166) Porto San Giorgio 2011}) 10... f6 11. exf6 gxf6 12. Bd3 Nxe3 ({Don't blunder} 12... Nfxd4 $2 13. Nxd4 Qc7 14. Nc3 $18) 13. fxe3 e5 14. Nc3 Be6 15. Na4 Qc7 {And now ...e4 would win.} 16. b5 (16. dxe5 $1 $11 Qg7 17. exf6 Qxg2 18. Rf1) 16... Na5 {...e4 is the strong threat.} 17. Rc1 $2 {[#] Now White is beyond hope.} (17. dxe5 $11 {and White is okay.} Rg8 18. Nd4) 17... Qg7 $1 $19 18. Nc5 (18. dxe5 {was necessary.} fxe5 19. b6) 18... Bxc5 ({Worse is} 18... Qxg2 19. Rg1 $14) 19. Rxc5 b6 ({Not} 19... Qxg2 20. Rg1 $15) 20. Rc2 e4 21. O-O exd3 22. Qxd3 O-O 23. Nh4 Kh8 24. Nf5 Bxf5 25. Qxf5 (25. Rxf5 $142 Rad8 26. Re2) 25... Nc4 {[%cal Ba5c4,Bc4d2,Bd2e4][%mdl 32] Black is clearly winning.} 26. Rf3 Rae8 27. Rc3 (27. Re2 $142 Qf7 28. a4) 27... Rg8 {[%csl Gg8][%cal Rg7g2]} 28. g4 (28. Qxf6 $142 Qxf6 29. Rxf6) 28... Nd2 29. Rf4 Ne4 30. Rc6 Qf7 31. Kh2 (31. Rf1 $142) 31... Rg5 32. Rxf6 Qxf6 33. Qd7 {[#]} Qe7 $1 {Weighted Error Value: White=0.67/Black=0.21} 0-1

[Event "EWCCC Online Preliminary-D 2020"]
[Site "Online"]
[Date "2020.12.19"]
[Round "2.2"]
[White "Mashchenko, Tamila"]
[Black "Hrescak, Ivana"]
[Result "1/2-1/2"]
[WhiteElo "1768"]
[BlackElo "2212"]
[Annotator "NA"]
[PlyCount "111"]
[EventDate "2020.12.19"]
[EventType "team-tourn"]
[EventCountry "NET"]
[SourceTitle "playchess.com"]
[Source "ChessBase"]
[SourceQuality "1"]
[TimeControl "900+5"]

1. c4 {[%emt 0:00:00]} Nf6 {[%emt 0:00:03]} 2. Nc3 {[%emt 0:00:03]} g6 {[%emt 0:00:03]} 3. g3 {[%emt 0:00:03]} Bg7 {[%emt 0:00:02]} 4. Bg2 {[%emt 0:00:02]} O-O {[%emt 0:00:03]} 5. e4 {[%emt 0:00:15]} d6 {[%emt 0:00:07]} 6. Nge2 {[%emt 0:00:03]} c5 {[%emt 0:00:11]} 7. Rb1 {[%emt 0:00:09]} Nc6 {[%emt 0:00:03]} 8. O-O {[%emt 0:00:04]} Be6 {[%emt 0:00:07]} 9. d3 {[%emt 0:00:03]} Rb8 {[%emt 0:00:09]} 10. a3 {[%emt 0:00:02]} a5 {[%emt 0:00:19]} 11. h3 {[%emt 0:00:10]} Bd7 {[%emt 0:00:05]} 12. Be3 {[%emt 0:00:19]} Ne8 {[%emt 0:00:10]} 13. f4 {[%emt 0:00:31]} Nd4 {[%emt 0:00:06]} 14. b4 {[%emt 0:00:12]} axb4 {[%emt 0:00:03]} 15. axb4 {[%emt 0:00:02]} Nxe2+ {[%emt 0:00:04]} 16. Nxe2 {[%emt 0:00:03]} cxb4 {[%emt 0:00:02]} 17. Rxb4 {[%emt 0:00:03]} b5 {[%emt 0:00:25]} 18. Qb1 {[%emt 0:03:54]} Nc7 {[%emt 0:00:41]} 19. cxb5 {[%emt 0:00:22]} Nxb5 {[%emt 0:00:37]} 20. Qb3 {[%emt 0:02:06]} Be6 {[%emt 0:01:25]} 21. Qa4 {[%emt 0:00:35]} Nc3 {[%emt 0:00:26]} 22. Nxc3 {[%emt 0:00:05]} Bxc3 {[%emt 0:00:03]} 23. Rxb8 {[%emt 0:00:05]} Qxb8 {[%emt 0:00:03]} 24. Qc2 {[%emt 0:00:28]} Bg7 {[%emt 0:00:37]} 25. g4 {[%emt 0:00:29]} Qb3 {[%emt 0:01:14]} 26. Qxb3 {[%emt 0:00:44]} Bxb3 {[%emt 0:00:03]} 27. Rc1 {[%emt 0:00:12]} Rb8 {[%emt 0:00:58]} 28. Rc7 {[%emt 0:00:46]} Bf8 {[%emt 0:00:13]} 29. Ba7 {[%emt 0:00:20]} Rb5 {[%emt 0:00:36]} 30. Bf3 {[%emt 0:00:46]} e6 {[%emt 0:01:01]} 31. Kf2 {[%emt 0:01:05]} Ra5 {[%emt 0:00:21]} 32. Bd4 {[%emt 0:00:06]} e5 {[%emt 0:00:18]} 33. fxe5 {[%emt 0:00:09]} dxe5 {[%emt 0:00:03]} 34. Bc3 {[%emt 0:00:11]} Rb5 {[%emt 0:00:16]} 35. Rc8 {[%emt 0:00:10]} f6 {[%emt 0:00:40]} 36. Bd2 {[%emt 0:00:18]} Be6 {[%emt 0:00:10]} 37. Rc6 {[%emt 0:00:07]} Kf7 {[%emt 0:00:04]} 38. Rc7+ {[%emt 0:00:17]} Be7 {[%emt 0:00:07]} 39. g5 {[%emt 0:00:17]} f5 {[%emt 0:00:19]} 40. exf5 {[%emt 0:00:09]} Bxf5 {[%emt 0:00:06]} 41. Be4 {[%emt 0:01:13]} Bxh3 {[%emt 0:00:45]} 42. Kg3 {[%emt 0:00:47]} Be6 {[%emt 0:00:13]} 43. Bc6 {[%emt 0:00:07]} Rb3 {[%emt 0:00:15]} 44. Be4 {[%emt 0:00:03]} Kf8 {[%emt 0:00:22]} 45. Be3 {[%emt 0:00:14]} Bf5 {[%emt 0:00:14]} 46. Kf3 {[%emt 0:00:06]} Rb1 {[%emt 0:00:56]} 47. Bc5 {[%emt 0:00:08]} Bxe4+ {[%emt 0:01:26]} 48. dxe4 {[%emt 0:00:15]} Bxc5 {[%emt 0:00:48]} 49. Rxc5 {[%emt 0:00:03]} Rf1+ {[%emt 0:00:39]} 50. Kg2 {[%emt 0:00:05]} Re1 {[%emt 0:00:20]} 51. Rxe5 {[%emt 0:00:01]} Kf7 {[%emt 0:00:02]} 52. Kf2 {[%emt 0:00:02]} Ra1 {[%emt 0:00:12]} 53. Kf3 {[%emt 0:00:02]} Rf1+ {[%emt 0:00:04]} 54. Kg2 {[%emt 0:00:03]} Re1 {[%emt 0:00:06]} 55. Kf2 {[%emt 0:00:02]} Ra1 {[%emt 0:00:02]} 56. Kf3 {[%emt 0:00:01]} 1/2-1/2

[Event "EWCCC Online Preliminary-D 2020"]
[Site "Online"]
[Date "2020.12.19"]
[Round "2.3"]
[White "Velikic, Adela"]
[Black "Berezovska, Svetlana"]
[Result "1-0"]
[WhiteElo "2278"]
[BlackElo "1793"]
[Annotator "TA"]
[PlyCount "83"]
[EventDate "2020.12.19"]
[EventType "team-tourn"]
[EventCountry "NET"]
[SourceTitle "playchess.com"]
[Source "ChessBase"]
[SourceQuality "1"]

{[%evp 9,83,7,8,4,9,3,5,8,10,8,8,7,7,-8,-5,-12,0,-26,-3,-3,-3,0,0,-12,0,-6,179,190,317,313,337,356,389,377,396,401,402,367,570,558,534,408,501,404,383,347,352,345,769,753,711,548,622,641,625,617,620,620,813,802,777,675,838,837,819,811,728,739,695,681,1118,1109,29977,29978,12838,12837]} 1. d4 Nf6 2. c4 e6 3. Nf3 d5 4. e3 Be7 5. Nbd2 O-O 6. Be2 {D30: Queen's Gambit Declined: Systems without Nc3.} b6 7. O-O Bb7 8. b3 {The position is equal.} Nbd7 9. Bb2 Rc8 10. cxd5 Nxd5 {[#]} 11. a4 $146 {[%cal Ba2a4,Ba4a5,Ba5a6][%mdl 32]} ({Predecessor:} 11. Re1 f5 12. e4 fxe4 13. Nxe4 Nf4 14. Bf1 Qe8 15. g3 Qg6 16. Qb1 Bb4 17. Re3 {0-1 (33) Schmoll,H (2129)-Schmid,H (2201) Berlin 2008}) 11... c5 12. Nc4 {[%cal Bd2c4,Bc4a5,Ba5c6][%mdl 32]} N7f6 13. a5 b5 14. a6 $1 {[%cal Ra6b7]} Ba8 15. Na5 Qb6 16. Ne5 Rfd8 17. Qd3 Qxa6 $2 {[#] This costs Black the game.} (17... cxd4 $11 18. Bxd4 Bc5) 18. Nac6 $1 $18 {[%cal Rc6e7][%mdl 576] Double Attack} Qb6 (18... c4 $142 19. Qb1 (19. Rxa6 cxd3 20. Nxe7+ Nxe7 $16) (19. bxc4 bxc4 20. Qd2 Rxc6 $18) 19... Rxc6) (18... Bxc6 19. Rxa6) 19. Nxd8 Rxd8 20. Qxb5 Qxb5 21. Bxb5 Nc7 22. Bc4 cxd4 23. Bxd4 Ne4 (23... a6 {was called for.} 24. Bxa6 Nxa6 25. Rxa6 Bf8) 24. Rxa7 Bd6 25. Nf3 Bc6 26. Rc1 Nb5 27. Ra6 Nxd4 28. Nxd4 ({Don't do} 28. exd4 Be8 $18) 28... Bd5 $2 {[#]} (28... Bb7 29. Ra7 Rb8) 29. Bxd5 exd5 30. Rca1 h6 31. Ra8 Rxa8 32. Rxa8+ {[%mdl 4096] Endgame KRN-KBN} Kh7 33. Rd8 Be5 34. Rxd5 Bf6 35. Rd7 Kg6 36. b4 Nc3 37. Kf1 Be5 38. Nc6 Bf6 39. Ne7+ Kg5 40. Nd5 Nxd5 41. Rxd5+ Kg6 42. b5 {Weighted Error Value: White=0.20/Black=0.39} 1-0

[Event "EWCCC Online Preliminary-D 2020"]
[Site "Online"]
[Date "2020.12.19"]
[Round "2.3"]
[White "Maisuradze, Nino"]
[Black "Berezovsky, Fiorina"]
[Result "1-0"]
[WhiteElo "2214"]
[BlackElo "1665"]
[Annotator "NA"]
[PlyCount "27"]
[EventDate "2020.12.19"]
[EventType "team-tourn"]
[EventCountry "NET"]
[SourceTitle "playchess.com"]
[Source "ChessBase"]
[SourceQuality "1"]
[TimeControl "900+5"]

1. d4 {[%emt 0:00:01]} Nf6 {[%emt 0:00:03]} 2. c4 {[%emt 0:00:03]} e6 {[%emt 0:00:03]} 3. Nf3 {[%emt 0:00:03]} Bb4+ {[%emt 0:00:03]} 4. Bd2 {[%emt 0:00:02]} Bxd2+ {[%emt 0:00:06]} 5. Nbxd2 {[%emt 0:00:16]} d5 {[%emt 0:00:05]} 6. e3 {[%emt 0:00:03]} O-O {[%emt 0:00:12]} 7. Rc1 {[%emt 0:00:18]} c6 {[%emt 0:00:48]} 8. Qc2 {[%emt 0:00:08]} Nbd7 {[%emt 0:00:17]} 9. cxd5 {[%emt 0:00:03]} cxd5 {[%emt 0:00:06]} 10. Bd3 {[%emt 0:00:10]} Re8 {[%emt 0:00:36]} 11. Ne5 {[%emt 0:00:12]} b6 {[%emt 0:00:20]} 12. Nc6 {[%emt 0:00:07]} Qc7 {[%emt 0:03:00]} 13. Ne7+ {[%emt 0:00:03]} Rxe7 {[%emt 0:00:12]} 14. Qxc7 {[%emt 0:00:04]} 1-0